[Event "32nd Iranian Women-ch 2022"]
[Site "Kermanshah"]
[Date "2022.03.06"]
[Round "10.2"]
[White "Mahdavi, Mahdis"]
[Black "Hamedi Nia, Vesal"]
[Result "0-1"]
[WhiteElo "1692"]
[BlackElo "1980"]
[Annotator "ChessBase"]
[PlyCount "117"]
[EventDate "2022.02.28"]
[EventType "tourn"]
[EventCountry "IRI"]
[SourceTitle "playchess.com"]
[Source "ChessBase"]
[SourceQuality "1"]
[TimeControl "5400+30"]

1. e4 {[%emt 0:00:05]} e5 {[%emt 0:00:24]} 2. Nf3 {[%emt 0:00:11]} Nc6 {[%emt 0:00:04]} 3. Nc3 {[%emt 0:00:09]} Nf6 {[%emt 0:00:04]} 4. d4 {[%emt 0:00:14]} exd4 {[%emt 0:00:11]} 5. Nxd4 {[%emt 0:00:09]} Bb4 {[%emt 0:00:16]} 6. Nxc6 {[%emt 0:00:12]} bxc6 {[%emt 0:00:04]} 7. Bd3 {[%emt 0:00:23]} d5 {[%emt 0:00:17]} 8. exd5 {[%emt 0:00:36]} O-O {[%emt 0:00:22]} 9. O-O {[%emt 0:00:16]} cxd5 {[%emt 0:00:06]} 10. h3 {[%emt 0:03:56]} Re8 {[%emt 0:00:34]} 11. Qf3 {[%emt 0:05:24]} c6 {[%emt 0:00:52]} 12. Bf4 {[%emt 0:03:00]} Bd6 {[%emt 0:02:12]} 13. Rad1 {[%emt 0:00:57]} Rb8 {[%emt 0:02:34]} 14. b3 {[%emt 0:05:45]} Be6 {[%emt 0:03:51]} 15. Na4 {[%emt 0:08:08]} c5 {[%emt 0:09:37]} 16. c4 {[%emt 0:11:24]} d4 {[%emt 0:03:18]} 17. Bg5 {[%emt 0:03:27]} Bd7 {[%emt 0:23:38]} 18. Rfe1 {[%emt 0:12:53]} Qa5 {[%emt 0:06:07]} 19. Rf1 {[%emt 0:11:33]} Be5 {[%emt 0:10:57]} 20. Bxf6 {[%emt 0:03:58]} Bxf6 {[%emt 0:02:16]} 21. Qh5 {[%emt 0:00:47]} g6 {[%emt 0:00:57]} 22. Qxc5 {[%emt 0:00:20]} Qa6 {[%emt 0:00:49]} 23. Qa3 {[%emt 0:15:47]} Bc6 {[%emt 0:05:52]} 24. Rfe1 {[%emt 0:04:46]} Qa5 {[%emt 0:10:27]} 25. Rxe8+ {[%emt 0:04:47]} Rxe8 {[%emt 0:00:03]} 26. Qd6 {[%emt 0:00:31]} Re6 {[%emt 0:01:08]} 27. Qf4 {[%emt 0:02:03]} Re1+ {[%emt 0:01:16]} 28. Rxe1 {[%emt 0:00:02]} Qxe1+ {[%emt 0:00:03]} 29. Bf1 {[%emt 0:00:07]} Be5 {[%emt 0:01:01]} 30. Qh4 {[%emt 0:00:18]} Be4 {[%emt 0:10:19]} 31. Nc5 {[%emt 0:00:10]} Bf5 {[%emt 0:00:23]} 32. Qd8+ {[%emt 0:01:05]} Kg7 {[%emt 0:00:00]} 33. Qd5 {[%emt 0:00:01]} Bc2 {[%emt 0:05:41]} 34. Nd7 {[%emt 0:02:33]} f6 {[%emt 0:00:44]} 35. Nc5 {[%emt 0:00:22]} Kh6 {[%emt 0:00:36]} 36. Qd7 {[%emt 0:01:05]} Bf5 {[%emt 0:00:13]} 37. Qd5 {[%emt 0:00:30]} Qb1 {[%emt 0:00:58]} 38. a3 {[%emt 0:00:57]} Qa1 {[%emt 0:00:34]} 39. b4 {[%emt 0:00:37]} Qxa3 {[%emt 0:00:20]} 40. b5 {[%emt 0:00:15]} Qc1 {[%emt 0:00:45]} 41. Qf3 {[%emt 0:00:43]} Bd6 {[%emt 0:00:31]} 42. Nb3 {[%emt 0:00:29]} Qb2 {[%emt 0:00:28]} 43. Qd1 {[%emt 0:00:31]} Bc2 {[%emt 0:00:34]} 44. Qd2+ {[%emt 0:00:02]} g5 {[%emt 0:00:16]} 45. Nxd4 {[%emt 0:00:05]} Bb4 {[%emt 0:00:39]} 46. Qe3 {[%emt 0:01:25]} Bg6 {[%emt 0:00:25]} 47. h4 {[%emt 0:00:27]} Qb1 {[%emt 0:00:41]} 48. hxg5+ {[%emt 0:00:28]} fxg5 {[%emt 0:00:00]} 49. Ne6 {[%emt 0:00:18]} Qf5 {[%emt 0:00:36]} 50. Bd3 {[%emt 0:00:43]} Qg4 {[%emt 0:00:48]} 51. f3 {[%emt 0:00:22]} Qh4 {[%emt 0:00:22]} 52. Qe5 {[%emt 0:00:42]} Qe1+ {[%emt 0:00:40]} 53. Qxe1 {[%emt 0:00:02]} Bxe1 {[%emt 0:00:01]} 54. c5 {[%emt 0:00:23]} Bxd3 {[%emt 0:00:08]} 55. b6 {[%emt 0:00:41]} axb6 {[%emt 0:00:14]} 56. cxb6 {[%emt 0:00:23]} Bg3 {[%emt 0:00:37]} 57. b7 {[%emt 0:00:33]} Ba6 {[%emt 0:00:56]} 58. Nc5 {[%emt 0:00:19]} Bb5 {[%emt 0:00:24]} 59. Ne6 {[%emt 0:01:41]} 0-1

[Event "32nd Iranian Women-ch 2022"]
[Site "Kermanshah"]
[Date "2022.03.06"]
[Round "10.3"]
[White "Paktinat, Zhina"]
[Black "Ghomi, Parnian"]
[Result "1/2-1/2"]
[WhiteElo "1903"]
[BlackElo "2026"]
[Annotator "NA"]
[PlyCount "133"]
[EventDate "2022.02.28"]
[EventType "tourn"]
[EventCountry "IRI"]
[SourceTitle "playchess.com"]
[Source "ChessBase"]
[SourceQuality "1"]
[TimeControl "5400+30"]

1. d4 {[%emt 0:00:01]} d5 {[%emt 0:00:05]} 2. Bf4 {[%emt 0:00:06]} Nf6 {[%emt 0:00:07]} 3. e3 {[%emt 0:00:10]} c5 {[%emt 0:00:10]} 4. c3 {[%emt 0:00:18]} Nc6 {[%emt 0:00:11]} 5. Nf3 {[%emt 0:00:13]} cxd4 {[%emt 0:07:25]} 6. exd4 {[%emt 0:00:21]} Bf5 {[%emt 0:00:26]} 7. Bd3 {[%emt 0:03:35]} Bxd3 {[%emt 0:06:07]} 8. Qxd3 {[%emt 0:00:06]} Qd7 {[%emt 0:00:07]} 9. Nbd2 {[%emt 0:10:16]} e6 {[%emt 0:00:13]} 10. O-O {[%emt 0:05:28]} Be7 {[%emt 0:01:38]} 11. h3 {[%emt 0:04:27]} O-O {[%emt 0:01:45]} 12. Ne5 {[%emt 0:01:57]} Nxe5 {[%emt 0:01:26]} 13. Bxe5 {[%emt 0:01:40]} Ne8 {[%emt 0:01:58]} 14. Rfe1 {[%emt 0:02:21]} f6 {[%emt 0:02:02]} 15. Bg3 {[%emt 0:01:41]} g6 {[%emt 0:10:36]} 16. Nb3 {[%emt 0:12:27]} Rc8 {[%emt 0:10:48]} 17. Qe2 {[%emt 0:05:21]} Ng7 {[%emt 0:01:03]} 18. Nc1 {[%emt 0:01:16]} Rfe8 {[%emt 0:01:26]} 19. Nd3 {[%emt 0:01:13]} Bf8 {[%emt 0:00:20]} 20. Qf3 {[%emt 0:04:51]} Qf7 {[%emt 0:12:51]} 21. Re2 {[%emt 0:05:45]} Nf5 {[%emt 0:09:11]} 22. Rae1 {[%emt 0:04:50]} Nxg3 {[%emt 0:20:17]} 23. Qxg3 {[%emt 0:00:27]} Re7 {[%emt 0:00:19]} 24. Qg4 {[%emt 0:06:38]} Rce8 {[%emt 0:02:33]} 25. f4 {[%emt 0:01:12]} b6 {[%emt 0:03:57]} 26. h4 {[%emt 0:01:55]} h5 {[%emt 0:05:00]} 27. Qh3 {[%emt 0:00:32]} Bg7 {[%emt 0:01:20]} 28. g3 {[%emt 0:02:36]} a5 {[%emt 0:00:34]} 29. Kg2 {[%emt 0:03:34]} Kh7 {[%emt 0:00:33]} 30. a3 {[%emt 0:03:18]} Kg8 $11 {[%emt 0:00:06]} 31. Kh2 {[%emt 0:04:12]} Kh7 {[%emt 0:00:12]} 32. Kg2 {[%emt 0:00:38]} Kh8 {[%emt 0:01:07]} 33. g4 {[%emt 0:01:06]} hxg4 {[%emt 0:00:33]} 34. Qxg4 {[%emt 0:00:05]} f5 {[%emt 0:00:01]} 35. Qf3 {[%emt 0:00:42]} Bf6 {[%emt 0:00:27]} 36. Rh1 {[%emt 0:00:38]} Kg7 {[%emt 0:00:21]} 37. Kf1 {[%emt 0:00:42]} Rh8 {[%emt 0:00:06]} 38. Reh2 {[%emt 0:03:14]} Rh5 $14 {[%emt 0:00:29]} 39. Rg1 {[%emt 0:01:16]} Kf8 {[%emt 0:00:04]} 40. Rhg2 {[%emt 0:00:58]} Rh6 {[%emt 0:01:56]} 41. Qg3 {[%emt 0:03:33]} Qh7 {[%emt 0:00:36]} 42. h5 {[%emt 0:01:48]} gxh5 {[%emt 0:00:28]} 43. Qg8+ {[%emt 0:00:20]} Qxg8 {[%emt 0:00:01]} 44. Rxg8+ {[%emt 0:00:07]} Kf7 {[%emt 0:00:07]} 45. Ne5+ {[%emt 0:00:49]} Bxe5 {[%emt 0:00:01]} 46. dxe5 {[%emt 0:00:06]} Rh7 {[%emt 0:00:26]} 47. Rb8 {[%emt 0:01:05]} h4 {[%emt 0:00:44]} 48. Rgg8 {[%emt 0:02:12]} Rg7 {[%emt 0:01:36]} 49. Rh8 {[%emt 0:01:10]} Rg6 {[%emt 0:00:40]} 50. Rxh4 {[%emt 0:00:59]} d4 {[%emt 0:00:29]} 51. cxd4 {[%emt 0:00:26]} Rd7 {[%emt 0:00:02]} 52. Rh7+ {[%emt 0:00:29]} Rg7 {[%emt 0:00:01]} 53. Rxg7+ {[%emt 0:00:11]} Kxg7 {[%emt 0:00:01]} 54. Rxb6 {[%emt 0:00:14]} Rxd4 {[%emt 0:00:01]} 55. Rxe6 {[%emt 0:00:25]} Rxf4+ {[%emt 0:00:02]} 56. Ke2 {[%emt 0:00:12]} Kf7 {[%emt 0:00:16]} 57. Rf6+ {[%emt 0:00:27]} Ke7 {[%emt 0:00:00]} 58. Kd3 {[%emt 0:00:49]} a4 {[%emt 0:01:55]} 59. Kc3 {[%emt 0:01:14]} Rf2 {[%emt 0:00:27]} 60. Ra6 {[%emt 0:00:37]} Rf4 {[%emt 0:01:07]} 61. Rf6 {[%emt 0:00:16]} Rf2 {[%emt 0:00:04]} 62. Kb4 {[%emt 0:01:00]} Rxb2+ {[%emt 0:00:24]} 63. Kxa4 {[%emt 0:00:04]} Rf2 {[%emt 0:00:11]} 64. Kb5 {[%emt 0:00:30]} f4 {[%emt 0:00:04]} 65. a4 {[%emt 0:00:25]} f3 {[%emt 0:00:59]} 66. Ka6 {[%emt 0:01:02]} Ra2 {[%emt 0:00:22]} 67. Rxf3 {[%emt 0:00:07]} 1/2-1/2

[Event "32nd Iranian Women-ch 2022"]
[Site "Kermanshah"]
[Date "2022.03.06"]
[Round "10.4"]
[White "Zahedifar, Anahita"]
[Black "Asadi, Motahare"]
[Result "1-0"]
[WhiteElo "2213"]
[BlackElo "2093"]
[Annotator "ChessBase"]
[PlyCount "39"]
[EventDate "2022.02.28"]
[EventType "tourn"]
[EventCountry "IRI"]
[SourceTitle "playchess.com"]
[Source "ChessBase"]
[SourceQuality "1"]
[TimeControl "5400+30"]

1. Nf3 {[%emt 0:00:06]} c5 {[%emt 0:00:20]} 2. c4 {[%emt 0:00:33]} g6 {[%emt 0:00:11]} 3. Nc3 {[%emt 0:01:24]} Bg7 {[%emt 0:00:06]} 4. g3 {[%emt 0:00:23]} Nc6 {[%emt 0:00:29]} 5. Bg2 {[%emt 0:00:16]} d6 {[%emt 0:00:15]} 6. O-O {[%emt 0:00:31]} e6 {[%emt 0:00:25]} 7. e3 {[%emt 0:05:17]} Nge7 {[%emt 0:00:20]} 8. a3 {[%emt 0:01:10]} O-O {[%emt 0:03:55]} 9. Rb1 {[%emt 0:06:23]} d5 {[%emt 0:02:36]} 10. b4 {[%emt 0:06:16]} cxb4 {[%emt 0:17:01]} 11. axb4 {[%emt 0:00:27]} dxc4 {[%emt 0:00:07]} 12. b5 {[%emt 0:02:28]} Na5 {[%emt 0:00:13]} 13. Ba3 {[%emt 0:04:44]} Re8 {[%emt 0:01:21]} 14. Ne4 {[%emt 0:08:35]} Qd3 {[%emt 0:17:17]} 15. Nd6 {[%emt 0:05:44]} Qxa3 {[%emt 0:05:24]} 16. Nxe8 {[%emt 0:00:06]} Bd7 {[%emt 0:18:15]} 17. Nxg7 {[%emt 0:00:50]} Kxg7 {[%emt 0:00:08]} 18. Ra1 {[%emt 0:00:31]} Qb4 {[%emt 0:00:06]} 19. Ra4 {[%emt 0:00:25]} Qxb5 {[%emt 0:00:06]} 20. Qa1+ {[%emt 0:00:03]} 1-0

[Event "32nd Iranian Women-ch 2022"]
[Site "Kermanshah"]
[Date "2022.03.06"]
[Round "10.5"]
[White "Masoumi, Sahar"]
[Black "Heydari, Maryam"]
[Result "1-0"]
[WhiteElo "1925"]
[BlackElo "1684"]
[Annotator "ChessBase"]
[PlyCount "85"]
[EventDate "2022.02.28"]
[EventType "tourn"]
[EventCountry "IRI"]
[SourceTitle "playchess.com"]
[Source "ChessBase"]
[SourceQuality "1"]
[TimeControl "5400+30"]

1. d4 {[%emt 0:00:02]} Nf6 {[%emt 0:03:26]} 2. c4 {[%emt 0:00:08]} c5 {[%emt 0:00:05]} 3. d5 {[%emt 0:00:11]} b5 {[%emt 0:00:04]} 4. cxb5 {[%emt 0:00:15]} a6 {[%emt 0:00:05]} 5. bxa6 {[%emt 1:32:24]} Bxa6 {[%emt 0:00:25]} 6. Nc3 {[%emt 0:00:00]} d6 {[%emt 0:00:06]} 7. e4 {[%emt 0:00:00]} Bxf1 {[%emt 0:00:13]} 8. Kxf1 {[%emt 0:00:00]} Nbd7 {[%emt 0:00:13]} 9. Nf3 {[%emt 0:00:00]} g6 {[%emt 0:00:19]} 10. g3 {[%emt 0:00:00]} Bg7 {[%emt 0:00:04]} 11. Kg2 {[%emt 0:00:00]} O-O {[%emt 0:00:06]} 12. Qc2 {[%emt 0:00:00]} Qb6 {[%emt 0:01:07]} 13. a4 {[%emt 0:00:00]} Rfb8 {[%emt 0:00:34]} 14. Nb5 {[%emt 0:00:00]} Ne8 {[%emt 0:02:18]} 15. Be3 {[%emt 0:00:00]} Nc7 {[%emt 0:01:25]} 16. Nxc7 {[%emt 0:00:00]} Qxc7 {[%emt 0:00:12]} 17. Rhb1 {[%emt 0:00:00]} Qb7 {[%emt 0:08:34]} 18. Ra3 {[%emt 0:00:00]} Qa6 {[%emt 0:06:42]} 19. Nd2 {[%emt 0:00:00]} Rb4 {[%emt 0:06:34]} 20. b3 {[%emt 0:00:00]} Bd4 {[%emt 0:00:34]} 21. Nc4 {[%emt 0:00:00]} Bxe3 {[%emt 0:01:58]} 22. Nxe3 {[%emt 0:00:00]} Rab8 {[%emt 0:00:34]} 23. Raa1 {[%emt 0:00:00]} Qb7 {[%emt 0:13:18]} 24. Nc4 {[%emt 0:00:00]} Nb6 {[%emt 0:10:41]} 25. Na5 {[%emt 0:00:00]} Qa6 {[%emt 0:09:45]} 26. Nc6 {[%emt 0:00:00]} Nc8 {[%emt 0:00:19]} 27. Nxb8 {[%emt 0:00:00]} Rxb8 {[%emt 0:00:06]} 28. a5 {[%emt 0:00:00]} Rb4 {[%emt 0:00:30]} 29. Rd1 {[%emt 0:00:00]} Na7 {[%emt 0:02:04]} 30. e5 {[%emt 0:00:00]} Nb5 {[%emt 0:00:44]} 31. exd6 {[%emt 0:00:00]} exd6 {[%emt 0:03:01]} 32. Qd3 {[%emt 0:00:59]} Rd4 {[%emt 0:00:43]} 33. Qe2 {[%emt 0:01:25]} Qb7 {[%emt 0:00:16]} 34. Qe8+ {[%emt 0:02:22]} Kg7 {[%emt 0:00:10]} 35. Qc6 {[%emt 0:00:45]} Qe7 {[%emt 0:01:16]} 36. Qxb5 {[%emt 0:00:51]} Qe4+ {[%emt 0:00:09]} 37. Kg1 {[%emt 0:00:23]} Rb4 {[%emt 0:01:51]} 38. Qd3 {[%emt 0:00:23]} Qe5 {[%emt 0:01:23]} 39. a6 {[%emt 0:00:12]} Rd4 {[%emt 0:00:14]} 40. Qxd4 {[%emt 0:00:31]} cxd4 {[%emt 0:00:11]} 41. a7 {[%emt 0:00:04]} Qxd5 {[%emt 0:00:33]} 42. a8=Q {[%emt 0:00:06]} Qxb3 {[%emt 0:00:06]} 43. Qa4 {[%emt 0:00:13]} 1-0

[Event "32nd Iranian Women-ch 2022"]
[Site "Kermanshah"]
[Date "2022.03.06"]
[Round "10.6"]
[White "Azali, Tannaz"]
[Black "Mahdian, Anousha"]
[Result "0-1"]
[WhiteElo "2100"]
[BlackElo "2179"]
[Annotator "NA"]
[PlyCount "104"]
[EventDate "2022.02.28"]
[EventType "tourn"]
[EventCountry "IRI"]
[SourceTitle "playchess.com"]
[Source "ChessBase"]
[SourceQuality "1"]
[TimeControl "5400+30"]

1. d4 {[%emt 0:00:03]} d5 {[%emt 0:01:23]} 2. c4 {[%emt 0:00:22]} e6 {[%emt 0:00:03]} 3. Nc3 {[%emt 0:00:11]} c6 {[%emt 0:00:03]} 4. Nf3 {[%emt 0:01:49]} Nf6 {[%emt 0:00:09]} 5. Bg5 {[%emt 0:00:26]} h6 {[%emt 0:00:04]} 6. Bxf6 {[%emt 0:02:28]} Qxf6 {[%emt 0:00:11]} 7. e3 {[%emt 0:00:20]} Nd7 {[%emt 0:00:14]} 8. Bd3 {[%emt 0:03:42]} dxc4 {[%emt 0:00:30]} 9. Bxc4 {[%emt 0:00:01]} g6 {[%emt 0:00:01]} 10. O-O {[%emt 0:02:13]} Bg7 {[%emt 0:00:16]} 11. a4 {[%emt 0:10:25]} a5 {[%emt 0:04:59]} 12. Qb3 {[%emt 0:03:40]} Qe7 {[%emt 0:13:44]} 13. e4 {[%emt 0:07:41]} e5 {[%emt 0:03:02]} 14. dxe5 {[%emt 0:03:01]} Nc5 {[%emt 0:13:42]} 15. Qd1 {[%emt 0:26:31]} Bg4 {[%emt 0:03:19]} 16. h3 {[%emt 0:00:07]} Rd8 {[%emt 0:01:17]} 17. Qe2 {[%emt 0:00:08]} Bxf3 {[%emt 0:12:12]} 18. Qxf3 {[%emt 0:00:02]} Bxe5 {[%emt 0:01:00]} 19. Rad1 {[%emt 0:06:27]} O-O {[%emt 0:02:56]} 20. b3 {[%emt 0:05:58]} b6 {[%emt 0:25:17]} 21. Rxd8 {[%emt 0:05:57]} Rxd8 {[%emt 0:00:18]} 22. Ne2 {[%emt 0:00:39]} Kg7 {[%emt 0:01:01]} 23. g3 {[%emt 0:03:06]} Rd6 {[%emt 0:04:43]} 24. Re1 {[%emt 0:01:57]} Qd7 {[%emt 0:05:05]} 25. Kg2 {[%emt 0:01:32]} Ne6 {[%emt 0:06:46]} 26. Bxe6 {[%emt 0:05:29]} Qxe6 {[%emt 0:00:23]} 27. Qe3 {[%emt 0:01:21]} c5 {[%emt 0:00:01]} 28. Nf4 {[%emt 0:04:38]} Bxf4 {[%emt 0:00:11]} 29. gxf4 {[%emt 0:00:16]} Rd4 {[%emt 0:00:14]} 30. f3 {[%emt 0:00:45]} Qd7 {[%emt 0:00:53]} 31. Qc3 {[%emt 0:00:52]} Kh7 {[%emt 0:00:34]} 32. Re2 {[%emt 0:00:08]} Qd6 {[%emt 0:00:31]} 33. e5 {[%emt 0:02:23]} Qd5 {[%emt 0:00:28]} 34. Re4 {[%emt 0:01:22]} Rxe4 {[%emt 0:00:22]} 35. fxe4 {[%emt 0:00:01]} Qxe4+ {[%emt 0:00:02]} 36. Qf3 {[%emt 0:00:14]} Qc2+ {[%emt 0:00:24]} 37. Kg3 {[%emt 0:01:03]} h5 {[%emt 0:00:31]} 38. Qd5 {[%emt 0:00:35]} Qf5 {[%emt 0:01:16]} 39. Qd8 {[%emt 0:00:07]} Qe6 {[%emt 0:00:39]} (39... Qe4 $19 {is more deadly.} 40. Qd2 Kg7) 40. Qd3 {[%emt 0:00:14]} Kg7 $17 {[%emt 0:00:25]} 41. Qc3 {[%emt 0:01:16]} Kf8 {[%emt 0:00:50]} 42. Qf3 {[%emt 0:00:44]} Kg7 {[%emt 0:00:20]} 43. Qc3 {[%emt 0:00:04]} Kh6 {[%emt 0:00:37]} 44. Qd3 {[%emt 0:00:52]} Kh7 {[%emt 0:00:50]} 45. Qc3 {[%emt 0:00:36]} Qf5 {[%emt 0:00:25]} 46. Qe3 {[%emt 0:00:42]} Kh6 {[%emt 0:00:20]} 47. Qc3 {[%emt 0:00:47]} h4+ {[%emt 0:00:15]} 48. Kg2 {[%emt 0:00:27]} Qxf4 {[%emt 0:00:09]} 49. Qe1 {[%emt 0:00:24]} Qg3+ {[%emt 0:00:20]} 50. Qxg3 {[%emt 0:00:10]} hxg3 {[%emt 0:00:01]} 51. h4 {[%emt 0:00:17]} g5 {[%emt 0:00:31]} 52. Kxg3 {[%emt 0:00:04]} Kh5 {[%emt 0:00:01]} 0-1

[Event "32nd Iranian Women-ch 2022"]
[Site "Kermanshah"]
[Date "2022.03.07"]
[Round "11.1"]
[White "Mahdian, Anousha"]
[Black "Asgharzadeh, Mitra"]
[Result "1/2-1/2"]
[WhiteElo "2179"]
[BlackElo "1950"]
[Annotator "TA"]
[PlyCount "28"]
[EventDate "2022.02.28"]
[EventType "tourn"]
[EventCountry "IRI"]
[SourceTitle "playchess.com"]
[Source "ChessBase"]
[SourceQuality "1"]

{[%evp 27,28,0,31]} 1. e4 e5 2. Nf3 Nc6 3. Bb5 {[%cal Bf1b5,Bb5a4,Ba4b3][%mdl 32]} a6 4. Ba4 Nf6 5. O-O Be7 6. c3 b5 7. Bb3 d6 8. h3 O-O 9. Re1 Bb7 10. d4 Re8 {[#]} 11. Ng5 $146 ({Predecessor:} 11. Nbd2 Bf8 12. a3 h6 13. Bc2 Nb8 14. b3 Nbd7 15. Bb2 Rb8 16. Rb1 g6 17. Bd3 c6 18. Qc2 Nh5 19. Bf1 Ng7 20. dxe5 dxe5 21. c4 Rc8 22. Rbd1 Qe7 {1-0 (63) Firouzja,A (2770)-Predke,A (2666) Riga 2021}) 11... Rf8 12. Nf3 Re8 13. Ng5 {13.Bc2 gains popularity.} Rf8 14. Nf3 Re8 1/2-1/2

[Event "32nd Iranian Women-ch 2022"]
[Site "Kermanshah"]
[Date "2022.03.07"]
[Round "11.2"]
[White "Heydari, Maryam"]
[Black "Azali, Tannaz"]
[Result "0-1"]
[WhiteElo "1684"]
[BlackElo "2100"]
[Annotator "TA"]
[PlyCount "58"]
[EventDate "2022.02.28"]
[EventType "tourn"]
[EventCountry "IRI"]
[SourceTitle "playchess.com"]
[Source "ChessBase"]
[SourceQuality "1"]

{[%evp 9,58,-15,-18,-9,-11,-41,-32,-12,-6,-55,-49,-73,-58,-119,-113,-117,-29,-67,-57,-139,-139,-151,-140,-146,-140,-224,-123,-125,-123,-168,-168,-180,-169,-149,-81,-111,-136,-142,-129,-130,-111,-131,-130,-29985,-1071,-29986,-1076,-1075,-1065,-6575,-6424]} 1. e4 c5 2. Nc3 e6 3. f4 d5 4. Bb5+ Bd7 5. Bxd7+ Qxd7 6. exd5 {B23: Closed Sicilian: Lines without g3.} exd5 7. d3 Nf6 8. Nf3 {Black is slightly better.} Nc6 9. Qe2+ (9. Ne5 $11 {should be considered.} Qd8 10. O-O) 9... Be7 $15 {[#]} 10. Bd2 $146 ({Predecessor:} 10. O-O O-O 11. Ne5 Qe6 12. Nxc6 Qxe2 13. Nxe2 bxc6 14. Nc3 Rfe8 15. Bd2 c4 16. dxc4 {0-1 (49) Magnusson,T (1643)-Mai,A (2153) Tornelo INT 2020}) 10... O-O 11. Ne5 ({White should play} 11. O-O-O $15) 11... Nxe5 $1 $17 12. fxe5 {[#]} Ne8 ({Much worse is} 12... Ng4 $6 13. O-O $11) (12... Rfe8 $1 $17 {[%cal Oe7d6] White must now prevent ...Bd6!} 13. e6 (13. exf6 $2 Bxf6 14. Be3 Bg5 $19) (13. O-O Bd6) 13... Qxe6 14. Qxe6 fxe6) 13. O-O-O b5 {[%cal Bb7b5,Bb5b4][%mdl 32]} 14. h4 {[#]} ({Better is} 14. Rdf1 $15) 14... b4 $1 15. Nb1 Nc7 16. Bg5 Rae8 17. Nd2 (17. Qe3 $17 {might work better.}) 17... Ne6 (17... f6 $19 18. Be3 a5) 18. Bxe7 Rxe7 19. Rdf1 (19. Kb1 $17) 19... Qa4 $19 20. Kb1 Nd4 $36 {[%csl LRc2,LRe2][%mdl 2048] White is under strong pressure.} 21. Qd1 Rxe5 ({Black should try} 21... Re6 {Strongly threatening ...Ra6.} 22. Nb3 (22. c3 Qxd1+ 23. Rxd1 bxc3 $17) 22... Nxb3 23. cxb3 Qa5) 22. Nf3 Nxf3 {Black is much more active.} 23. Rxf3 Re6 {[%cal Be5e6,Be6a6,Ba6f6][%mdl 32] Threatens to win with ...Ra6.} 24. b3 Qa5 25. Rf5 Ra6 26. Rxd5 $2 {[%mdl 8192] White does not recover from this.} (26. a4 $17) 26... Qxa2+ 27. Kc1 Qa1+ (27... Re8 $142 28. Kd2 Qb2 29. Qb1 Qc3+ 30. Kc1 Ra1 31. Rd1 g6 32. Rxc5 Rxb1+ 33. Kxb1 Qxc5 34. Rc1 Re6 35. c4 bxc3 36. Ka2 Re2+ 37. Rc2 Rxc2+ 38. Kb1 Rb2+ 39. Kc1 Qg1#) 28. Kd2 Qc3+ 29. Ke3 Rf6 {Weighted Error Value: White=0.68/Black=0.45} 0-1

[Event "32nd Iranian Women-ch 2022"]
[Site "Kermanshah"]
[Date "2022.03.07"]
[Round "11.3"]
[White "Asadi, Motahare"]
[Black "Masoumi, Sahar"]
[Result "0-1"]
[WhiteElo "2093"]
[BlackElo "1925"]
[Annotator "TA"]
[PlyCount "104"]
[EventDate "2022.02.28"]
[EventType "tourn"]
[EventCountry "IRI"]
[SourceTitle "playchess.com"]
[Source "ChessBase"]
[SourceQuality "1"]

{[%evp 11,104,6,29,18,26,13,56,52,74,55,64,66,54,65,54,60,56,25,31,25,17,24,34,36,36,31,50,50,60,51,50,54,58,56,104,112,111,107,100,10,6,0,0,-136,-130,-184,-162,-203,-203,-330,-266,-272,-252,-272,-251,-256,-173,-173,-158,-157,-83,-81,-85,-93,-46,-44,-35,-43,-39,-64,-45,-77,-71,-181,-181,-189,-185,-179,-132,-138,-130,-240,-237,-244,-222,-396,-403,-687,-643,-610,-390,-1387,-1254,-29985,-29986]} 1. d4 Nf6 2. g3 g6 3. Bg2 Bg7 4. e4 d6 5. Ne2 O-O 6. O-O c5 7. dxc5 {B06: Modern Defence.} dxc5 8. e5 Ng4 (8... Nh5 $11 {is more appropriate.}) 9. f4 $14 {White is slightly better.} Qb6 {[#]} 10. h3 $146 ({Predecessor:} 10. Nbc3 Be6 11. Nd5 Bxd5 12. Qxd5 Nc6 13. h3 Rad8 14. Qb3 Nh6 15. g4 Qa6 16. Bf3 {1-0 (28) Grigoryan,K (2524)-Zhou,Y (2414) Maribor 2012}) 10... Rd8 {Strongly threatening ...c4+.} 11. Qe1 c4+ 12. Kh1 Ne3 13. Bxe3 Qxe3 14. Na3 Nc6 15. Nxc4 Qc5 16. Qc3 Be6 17. Ne3 $36 {[%mdl 2048] White is more active.} Qb5 18. Bxc6 Qxe2 19. Bf3 Qb5 20. a4 Qb6 21. a5 Qb5 22. Rfd1 Rxd1+ (22... Rac8 $14 23. Qa3 Bf8) 23. Rxd1 $16 Rc8 24. Qa3 Bf8 25. g4 ({Better is} 25. Kh2 $16) 25... Bc4 $11 26. Nxc4 Qxc4 27. Qc3 (27. Qe3 $11 {remains equal.}) 27... Qxf4 $17 28. Qb3 (28. Qd3 $17) 28... Bg7 $19 29. Qd3 (29. Qxb7 $142 Rxc2 30. Qb8+ Bf8 31. Bg2) 29... Bxe5 {[%csl Ge5][%cal Rf4h2]} ({Not} 29... Rxc2 30. Qxc2 Qxf3+ 31. Kg1 $17) 30. Rd2 {Inhibits Qh2+.} (30. Qe2 $142) 30... Rc4 {aiming for ...Rd4.} 31. Qe2 Ra4 32. Rd1 {Prevents Ra1.} Rxa5 33. Bxb7 Qg3 {[%cal Oa5a1]} 34. Qg2 Qxg2+ 35. Kxg2 {[%mdl 4096] Endgame KRB-KRB} Rb5 (35... Bxb2 $142 36. c4 e6 37. Rd8+ Kg7) 36. Rd7 $17 Rxb2 37. Be4 a5 (37... Rb4 $17 38. Bd3 Bd6 39. Rxa7 Rb1) 38. Rxe7 $15 Bd4 39. Rc7 Bb6 40. Rc4 Rb4 41. Rc8+ Kg7 42. c4 {[#]} (42. Bd5 $17) 42... a4 $1 $19 {[%cal Ba5a4,Ba4a3,Ba3a2][%mdl 32] ...a3 is the strong threat.} 43. Bd5 Rb2+ 44. Kf3 Rc2 ({Black should play} 44... Rb3+ $19 45. Kf4 Rxh3) 45. Ra8 Rc3+ 46. Ke2 (46. Kf4 $17 {might work better.}) 46... a3 ({Weaker is} 46... Rxh3 47. Rxa4 Re3+ 48. Kd1 $15) 47. h4 Rh3 48. g5 $2 (48. Kf1) 48... Bc5 49. Ra5 {[#]} (49. Bg2 $142 Rh2 50. Kf3) 49... a2 $1 {( -> ...Ba3)} 50. Bf3 Bd4 51. Bg2 $2 (51. Rxa2 Rh2+ 52. Kd3 Rxa2 53. Kxd4) 51... Re3+ 52. Kd2 Bc3+ {Weighted Error Value: White=0.56/Black=0.18 (very precise)} 0-1